Platzierungen der Nationalteams bei der Europameisterschaft 2008 - Statistiken

Allgemein
  • Dieses Quiz wurde 10 mal gespielt
  • Das Durchschnittsergebnis liegt bei 11 aus 16
Antwortstatistiken
Hint Antwort % Korrekt
Rumänien Gruppenphase
100%
Spanien Sieger
100%
Polen Gruppenphase
90%
Griechenland Gruppenphase
90%
Österreich Gruppenphase
90%
Türkei Halbfinale
90%
Tschechische Republik Gruppenphase
80%
Portugal Viertelfinale
80%
Schweden Gruppenphase
70%
Deutschland Zweiter Platz
70%
Schweiz Gruppenphase
60%
Die Niederlande Viertelfinale
50%
Italien Viertelfinale
50%
Frankreich Gruppenphase
40%
Russland Halbfinale
40%
Kroatien Viertelfinale
40%
Keine übereinstimmenden Quizze gefunden
Verteilung der Resultate
Anzahl Personen mit jedem Resultat
Perzentil nach korrekt beantworteten Fragen
Ihre Resultats-Entwicklung
Sie haben dieses Quiz noch nicht gespielt